Vectors and tensors in engineering and physics
Αποθηκεύτηκε σε:
| Κύριος συγγραφέας: | |
|---|---|
| Μορφή: | Βιβλίο |
| Γλώσσα: | English |
| Δημοσίευση: |
Redwood City, Calif. :
Addison-Wesley,
c1992
|
| Θέματα: | |
| Ετικέτες: |
Προσθήκη ετικέτας
Δεν υπάρχουν, Καταχωρήστε ετικέτα πρώτοι!
|
MARC
| LEADER | 00000cam a2200000 i 4500 | ||
|---|---|---|---|
| 001 | 1/28196 | ||
| 008 | 941103s1992 eng d | ||
| 020 | |a 0201524260 | ||
| 035 | |l 10038015 | ||
| 035 | |a 1993 |c ΧΑΤΖΗΓΕΩΡΓΙΟΥ | ||
| 040 | |a GR-MY-UA |b gre |e aacr | ||
| 041 | 0 | |a eng | |
| 082 | 0 | |a 515.63 |2 (20) | |
| 100 | 1 | |a Danielson, D. A. |q (Donald A.) | |
| 245 | 1 | 0 | |a Vectors and tensors in engineering and physics / |c D.A. Danielson |
| 260 | |a Redwood City, Calif. : |b Addison-Wesley, |c c1992 | ||
| 300 | |a vii, 280 p.; |b ill.; |c 24 cm | ||
| 504 | |a Includes bibliographical references (p. 225-229) and index | ||
| 650 | 0 | 0 | |a Calculus of tensors. |
| 852 | |a INST |b SAMOS |e 19941103 |h 515.63 DAN |p 005300006442 |q 005300006442 |t BK |y 0 | ||
| 909 | |a Σ |b 025247 | ||